Княжество България в историческо, географическо и етнографическо отношение (Запис номер 131639)
[ съкратено ]
| 000 -Лидер | |
|---|---|
| Контролно поле с фиксирана дължина | 02055nam a2200409 a 4500 |
| 003 - Код на организацията, давaща контролен номер | |
| Контролно поле | BLK |
| 005 - Дата и час на последна редакция | |
| Контролно поле | 20250127092744.0 |
| 008 - Елементи от данни с фиксирана дължина | |
| fixed length control field | 180409b bul|||||r ||||||| ||bul|| |
| 010 ## - Наследен системен номер | |
| LC control number | KNG00137466000 |
| 040 ## - Източник на каталожния запис | |
| Идентификатор на билиотеката - собственик на записа | BLK |
| 041 ## - Код за език | |
| Код за езика на текст/звукозапис или на отделно заглавие | Български |
| Код за езика КДБФ | Български |
| 080 ## - УДК | |
| Текстов определител УДК | История на България |
| УДК код - определител по УДК | 94(497.2) |
| УДК - код + определител | 94(497.2) |
| 080 ## - УДК | |
| Текстов определител УДК | География на България |
| УДК код - определител по УДК | 913(497.2) |
| УДК - код + определител | 913(497.2) |
| 080 ## - УДК | |
| Текстов определител УДК | Етнология. Етнография. Нрави. Обичаи. Бит. Фолклористика. Вж и 572 ; 903 ; 904 |
| УДК код - определител по УДК | 39 |
| УДК определител | (497.2) |
| УДК - код + определител | 39(497.2) |
| 100 1# - Редна дума - Автор | |
| Автор | Димитров, Георги Георгиев |
| Авторска отговорност | първи автор |
| R(LIN) | 322812 |
| 139 ## - Редно поле | |
| Редна дума | Димитров, Георги Георгиев |
| Авторски знак | Дими - Д 58 |
| 245 10 - Сведения за заглавието | |
| Заглавие | Княжество България в историческо, географическо и етнографическо отношение |
| Подзаглавни данни | В 3 ч. |
| Редно поле (дума) | Георги Георгиев Димитров. |
| Том | Ч. 1 |
| 257 ## - Страна на издаване | |
| Страна на създаване/издаване | България |
| 260 ## - Област на издателските данни | |
| Място на издаване, разпространение и проч. | София |
| Година на издаване | 1894 |
| Печатница | София : Придворна печ. Б. Шимачек |
| 300 ## - Физическа характеристика | |
| Страници | ХIV, 495 с. |
| Размери/Мащаб | 23 см |
| 380 ## - Жанр | |
| Жанр | История |
| 500 ## - Общи забележки | |
| Забележка | Ч. 3 не издадена. |
| 650 #0 - Допълнително описание по предмет – тема | |
| Основно описание – тема или топоним | България - история |
| 9 (RLIN) | 244493 |
| 650 #7 - Допълнително описание по предмет – тема | |
| Основно описание – тема или топоним | България - география |
| Източник на редна или ключова дума | |
| 9 (RLIN) | 149509 |
| 650 #4 - Допълнително описание по предмет – тема | |
| Основно описание – тема или топоним | Българи - бит |
| 9 (RLIN) | 306121 |
| 651 #4 - Допълнително описание по предмет - топоним | |
| Географско понятие | България |
| 9 (RLIN) | 241624 |
| 653 ## - Ключова дума – ненормативна | |
| Ключова дума | българска история |
| 653 ## - Ключова дума – ненормативна | |
| Ключова дума | етнография |
| 852 ## - Местоположение | |
| Форматна сигнатура | К 94(497.2)/Д 58 Г |
| Фондова буква | Краезнание |
| 856 4# - Електронен адрес и достъп | |
| Електронен формат | pdf - файл |
| Инструкция (цена за достъп) | 0.00 |
| Права за достъп | Достъп за регистрирани потребители |
| Име на файл | Княжество България в историческо, географическо и етнографическо отношение |
| Информация за съдържанието | Княжество България в историческо, географическо и етнографическо отношение |
| Допълнителна информация (Корица, съдържание, пълен текст, звуков файл, HTML файл) | Електронна книга |
| 856 4# - Електронен адрес и достъп | |
| Електронен формат | pdf - файл |
| Инструкция (цена за достъп) | 0.00 |
| Права за достъп | disable |
| 942 ## - АРТИКУЛИ | |
| Вид на библиотечния материал | Книги |
| Скрит в OPAC | Не |
| Периодичен библиозапис | Да |
| 944 ## - СЪЗДАВАНЕ И РЕДАКЦИЯ на ЗАПИСА | |
| Създаване/Редакция | Създаване |
| Дата на регистрацията/редакция | 17.12.2012 |
| Статус, дата на статуса | Геновева Генчева |
| Служител, извършил регистрацията/редакцията | 30560 |
| 944 ## - СЪЗДАВАНЕ И РЕДАКЦИЯ на ЗАПИСА | |
| Създаване/Редакция | Редакция |
| Дата на регистрацията/редакция | 2023-04-20 |
| Служител, извършил регистрацията/редакцията | Кети |
| 999 ## - СИСТЕМНИ КОНТРОЛНИ НОМЕРА | |
| Koha biblionumber | 131639 |
| Koha biblioitemnumber | 131639 |
| 999 ## - СИСТЕМНИ КОНТРОЛНИ НОМЕРА | |
| Koha biblioitemnumber | 131639 |
| 999 ## - СИСТЕМНИ КОНТРОЛНИ НОМЕРА | |
| Koha biblioitemnumber | 131639 |
| Код за отписване | Код за изгубен артикул | Източник на класификационната схема | Код за повреда | Коз за рестрикции | Код за отдаване | Артикулен № | Име на библиотеката - собственик | Име на библиотеката, в която се намира в момента | Статус (Текущо местоположение) | Дата на вписване в системата | Местоположение - отдел | Цена в лева | Инвентарен номер | Систематично азбучна сигнатура | Баркод | Номер на екземпляра | Цена в евро | Служебна бележка | Служебен тип на артикула |
|---|---|---|---|---|---|---|---|---|---|---|---|---|---|---|---|---|---|---|---|
| Не е изгубен | Universal Decimal Classification | Не е повреден | без рестрикции | ползва се в читалня | 214801 | Регионална библиотека "Любен Каравелов" Русе | Регионална библиотека "Любен Каравелов" Русе | Краезнание | 1894-01-01 | Краезнание | 0.40 | 25810-І | К 94(497.2)/Д 58 Г | 900000003420 | 1 | 0.20 | Вид: Сф Дата: 01.01.1894 Дата инв: 17.11.2017 Бележки инв: К2017 | Книги |